=LDR 00000nam 2200000 4500 =001 INLIS000000000041805 =005 20130612151320 =008 ***********************************ind** =035 ##$$0010-061300000041805 =041 ##$$a ind =082 ##$$a 500 =090 ##$$a 500, Sup s =245 ##$$a super sciense, segudang ilmu pengetahuan populer sehari-hari =260 ##$$a 2011 $b Bandung =300 ##$$a 171 hlm, ilus, 23 cm =850 ##$$a NBPNMAT